Think India. (Record no. 50681)

MARC details
000 -LEADER
fixed length control field 00961nam a22003377a 4500
005 - DATE AND TIME OF LATEST TRANSACTION
control field 20110221114038.0
006 - FIXED-LENGTH DATA ELEMENTS--ADDITIONAL MATERIAL CHARACTERISTICS--GENERAL INFORMATION
fixed length control field a|||||r|||||00| 0
008 - FIXED-LENGTH DATA ELEMENTS--GENERAL INFORMATION
fixed length control field 110221c xxu||||| |||| 00| 0 eng d
022 ## - INTERNATIONAL STANDARD SERIAL NUMBER
International Standard Serial Number 0971-1260
035 ## - SYSTEM CONTROL NUMBER
System control number (OCoLC)ocm22505062
040 ## - CATALOGING SOURCE
Original cataloging agency WU
Transcribing agency WU
Modifying agency IU
-- DLC
-- WaU
-- DLC
-- MiU
042 ## - AUTHENTICATION CODE
Authentication code lc
043 ## - GEOGRAPHIC AREA CODE
Geographic area code a-ii---
050 00 - LIBRARY OF CONGRESS CALL NUMBER
Classification number DS401
Item number .T47
082 00 - DEWEY DECIMAL CLASSIFICATION NUMBER
Classification number 954/.005
Edition number 20
245 00 - TITLE STATEMENT
Title Think India.
260 ## - PUBLICATION, DISTRIBUTION, ETC. (IMPRINT)
Place of publication, distribution, etc New Delhi :
Name of publisher, distributor, etc Vihar Nyas
Date of publication, distribution, etc [1989?-
265 ## - SOURCE FOR ACQUISITION/SUBSCRIPTION ADDRESS [OBSOLETE]
Source for acquisition/subscription address [OBSOLETE] Think India,
300 ## - PHYSICAL DESCRIPTION
Extent v. ;
Dimensions 25 cm.
310 ## - CURRENT PUBLICATION FREQUENCY
Current publication frequency Quarterly
362 0# - DATES OF PUBLICATION AND/OR SEQUENTIAL DESIGNATION
Dates of publication and/or sequential designation Vol. 1, no. 1 (Aug.-Oct. '89)-
500 ## - GENERAL NOTE
General note Title from cover.
590 ## - LOCAL NOTE (RLIN)
Local note SERBIB/SERLOC merged record
651 #0 - SUBJECT ADDED ENTRY--GEOGRAPHIC NAME
Geographic name India
General subdivision Periodicals.
9 (RLIN) 1549
901 ## - LOCAL DATA ELEMENT A, LDA (RLIN)
c SER
906 ## - LOCAL DATA ELEMENT F, LDF (RLIN)
a 7
b cbc
c serials
d 3
e ncip
f 19
g n-oclcserc
936 ## - OCLC/CONSER MISCELLANEOUS DATA (OCLC); PIECE USED FOR CATALOGING (pre-AACR2) (RLIN)
OCLC control number(s) of parallel record(s) (OCLC); Piece used for cataloging, PUC (RLIN) Vol. 2, no. 2 (Nov.-Jan. '91) LIC
942 ## - ADDED ENTRY ELEMENTS (KOHA)
Source of classification or shelving scheme Dewey Decimal Classification
Item type Periodicals
Serial record 1
Holdings
Withdrawn status Lost status Source of classification or shelving scheme Damaged status Not for loan Home library Current library Date acquired Total Checkouts Date last seen Price effective from Koha item type
    Dewey Decimal Classification     D.B.Act.Division D.B.Act.Division 21/02/2011   21/02/2011 21/02/2011 Periodicals

© Delhi Public Library
Hit Counter
free hit counter